Matematičeskije modelirovanije

Salvato in:
Dettagli Bibliografici
Natura: Libro
Lingua:russo
Pubblicazione: Kijev Technika 1983
Tags: Aggiungi Tag
Nessun Tag, puoi essere il primo ad aggiungerne!!

MARC

LEADER 00000nam a2200000 4500
001 c116059
005 20260128114445.2
041 0 |a rus 
044 |a UA 
245 1 0 |a Matematičeskije modelirovanije  |c Vladimir Il'jič Skurichin, Vladimir Borisovič Šifrin, Vladimir Vasil'jevič Dubrovskij 
264 1 |a Kijev  |b Technika  |c 1983 
300 |a 268 s.